Quizzes
Events
Quiz Creation
Community
Videos
Private Events
Remove Ads
Sign In
Join for FREE
Feedback
Dark Mode
Quiz Categories
Sports
Geography
Music
Movies
Television
Just For Fun
Miscellaneous
History
Literature
Language
Science
Gaming
Entertainment
Religion
Holiday
For Kids
Quiz Lab
Recent
Popular Today
Quiz Kudos Today
Editor Picks
Curator Picks
Quizzes by...
Day
Popularity
Type
Ratings
Length
Year
Community
Subscriptions
Recent Discussions
Orange Saloon
Badges
Playlists
Quests
Create
Leaderboards
Showdown
Live 5
Trivia Bingo
Activity
Puzzle Library
Sporcle Events
Private Events
Virtual Trivia
Globe League
Become a Host
Pub Owners
SporcleCon
Opinionation
Our Games
Videos
Blog
Mobile Apps
Partnerships
Remove Ads and Go Orange
Feedback
Movies
Disney
Marvel Cinematic Universe
Movie Resume
Movie Titles
Oscar
Actor
Actress
Director
Pixar
Role
Movie Quotes
Movie Characters
Box Office
Nominee
Best Picture
Star Wars
James Bond
Horror Movies
Movies
Disney
Marvel Cinematic Universe
Movie Resume
Movie Titles
Oscar
Actor
Actress
Director
Pixar
Role
Movie Quotes
Movie Characters
Box Office
Nominee
Best Picture
Star Wars
James Bond
Horror Movies
Random Quiz
Search Sporcle
×
Quiz Lab
Quiz Lab
Movies
Director
Type in answers that appear in a list
Type in answers that appear in a list
Classic
Best Score? Go Orange.
AFI's 100 years 100 Movies Directors Stats
Can you name the directors of AFI's 100 greatest movies?
By
elvishfriend
15m
100 Questions
3,360 Plays
3,360 Plays
3,360 Plays
Comments
Comments
Give Quiz Kudos
Give Quiz Kudos
-
- Ratings
hide this ad
Replay
Link that replays current quiz
Next Quiz
Link to next quiz in quiz playlist
You Got
0%
They Got
Avg Score
71%
Avg Friend Score
Upgrade to see
Score Distribution
Jump to the score distribution portion of the page
Score
0/100
Timer
15:00
0
Plays Today
Movie
Director
% Correct
8. Schindler's List
Steven Spielberg
98.3%
24. E.T. The Extra Terrestrial
Steven Spielberg
98.3%
56. Jaws
Steven Spielberg
98.3%
66. Raiders of the Lost Ark
Steven Spielberg
98.3%
71. Saving Private Ryan
Steven Spielberg
98.3%
9. Vertigo
Alfred Hitchcock
97.4%
14. Psycho
Alfred Hitchcock
97.4%
48. Rear Window
Alfred Hitchcock
97.4%
55. North by Northwest
Alfred Hitchcock
97.4%
2. The Godfather
Francis Ford Coppola
96.8%
30. Apocalypse Now
Francis Ford Coppola
96.8%
32. The Godfather Part II
Francis Ford Coppola
96.8%
4. Raging Bull
Martin Scorsese
95.9%
52. Taxi Driver
Martin Scorsese
95.9%
92. Goodfellas
Martin Scorsese
95.9%
1. Citizen Kane
Orson Welles
95.8%
15. 2001: A Space Odyssey
Stanley Kubrick
95.1%
39. Dr. Strangelove
Stanley Kubrick
95.1%
70. A Clockwork Orange
Stanley Kubrick
95.1%
81. Spartacus
Stanley Kubrick
95.1%
13. Star Wars
George Lucas
94.6%
62. American Graffiti
George Lucas
94.6%
35. Annie Hall
Woody Allen
92.9%
83. Titanic
James Cameron
91.5%
50. The Lord of the Rings: The Fellowship of the Ring
Peter Jackson
91%
94. Pulp Fiction
Quentin Tarantino
90.9%
11. City Lights
Charlie Chaplin
88.9%
58. The Gold Rush
Charlie Chaplin
88.9%
78. Modern Times
Charlie Chaplin
88.9%
68. Unforgiven
Clint Eastwood
88.2%
12. The Searchers
John Ford
84%
23. The Grapes of Wrath
John Ford
84%
16. Sunset Blvd.
Billy Wilder
83.5%
22. Some Like it Hot
Billy Wilder
83.5%
Movie
Director
% Correct
29. Double Indemnity
Billy Wilder
83.5%
80. The Apartment
Billy Wilder
83.5%
96. Do the Right Thing
Spike Lee
83.5%
86. Platoon
Oliver Stone
83.2%
20. It's a Wonderful Life
Frank Capra
83.2%
26. Mr. Smith Goes to Washington
Frank Capra
83.2%
46. It Happened One Night
Frank Capra
83.2%
21. Chinatown
Roman Polanski
82.5%
76. Forrest Gump
Robert Zemeckis
80.4%
97. Blade Runner
Ridley Scott
78.6%
19. On the Waterfront
Elia Kazan
78.5%
47. A Streetcar Named Desire
Elia Kazan
78.5%
7. Lawrence of Arabia
David Lean
76.9%
36. The Bridge on the River Kwai
David Lean
76.9%
31. Maltese Falcon
John Huston
76.3%
38. The Treasure of the Sierra Madre
John Huston
76.3%
65. The African Queen
John Huston
76.3%
17. The Graduate
Mike Nichols
74.5%
67. Who's Afraid of Virginia Woolf?
Mike Nichols
74.5%
33. One Flew Over the Cuckoo's Nest
Milos Forman
74%
74. The Silence of the Lambs
Jonathan Demme
73.4%
54. M*A*S*H
Robert Altman
72.5%
59. Nashville
Robert Altman
72.5%
18. The General
Buster Keaton
70.6%
6. Gone With the Wind
Victor Fleming
69.3%
10. The Wizard of Oz
Victor Fleming
69.3%
64. Network
Sidney Lumet
69.2%
87. 12 Angry Men
Sidney Lumet
69.2%
3. Casablanca
Michael Curtiz
68.5%
98. Yankee Doodle Dandy
Michael Curtiz
68.5%
89. The Sixth Sense
M. Night Shyamalan
67.3%
37. The Best Years of our Lives
William Wyler
65.7%
100. Ben-
Hur
William Wyler
65.7%
53. The Deer Hunter
Michael Cimino
63.6%
Movie
Director
% Correct
72. The Shawshank Redemption
Frank Darabont
62.8%
84. Easy Rider
Dennis Hopper
61.3%
69. Tootsie
Syndey Pollack
60%
49. Intolerance
D.W. Griffith
57.8%
51. West Side Story
Robert Wise
57.2%
40. The Sound of Music
Robert Wise
55.3%
63. Cabaret
Bob Fosse
54.6%
79. The Wild Bunch
Sam Peckinpah
53.4%
93. The French Connection
William Friedkin
52.5%
73. Butch Cassidy and the Sundance Kid
George Roy Hill
49.3%
8. Bringing Up Baby
Howard Hawks
48.9%
95. The Last Picture Show
Peter Bogdanovich
48.1%
43. Midnight Cowboy
John Schlesinger
48.1%
5. Singin' In the Rain
Stanley Donen
47.4%
28. All About Eve
Joseph L. Mankiewicz
46.7%
44. The Philadelphia Story
George Cukor
46.5%
99. Toy Story
John Lasseter
45.4%
57. Rocky
John G. Avildsen
45.3%
42. Bonnie and Clyde
Arthur Penn
44.5%
77. All the President's Men
Alan J. Pakula
43.2%
91. Sophie's Choice
Alan J. Pakula
43.2%
27. High Noon
Fred Zinnemann
42.4%
82. Sunrise
F.W. Murnau
41.6%
45. Shane
George Stevens
40.8%
90. Swing Time
George Stevens
40.8%
61. Sullivan's Travels
Preston Sturges
37.7%
75. In the Heat of the Night
Norman Jewison
36.5%
60. Duck Soup
Leo McCarey
32.1%
41. King Kong
Merian C. Cooper
28.5%
25. To Kill a Mockingbird
Robert Mulligan
28%
85. A Night at the Opera
Sam Wood
26.4%
34. Snow White and the Seven Dwarfs
David Hand
21.2%
Quiz Playlist
Details
Report
Send in Message
Add To Playlist
Classic:
Type in answers that appear in a list
Last Updated: Feb 16, 2017
Quiz Scoreboard
CHALLENGE
Sign Up to Join the Scoreboard
Show All
Scores
Hide
Comments
May contain spoilers
Recently Published
Presidents Visiting Landmarks
by Hejman
History
7m
An Introduction to Baseball
by treessimontrees
Sports
5m
Movies - When Are They Set?
by FPL_Elf
Movies
5m
More to Explore
Quiz From the Vault
Featured Blog Post
Where Did the Easter Bunny Come From?
hide this ad
You Might Also Like...
Tags
Director Quiz
100
AFI
AFI 100
greatest
Today's Top Quizzes in Movies
Browse Movies
hide this ad
Today's Top Quizzes in Director
Browse Director
Top Contributed Quizzes in Movies
1
Pick 5 Posters: Directed by Spielberg
2
7-to-1: Pixar Characters
3
Pick 5 Posters: Lowest-Rated Spielberg
4
Pick 5 Posters: Directed by Scorsese
5
Pick 5 Posters: Star & Director
6
Sorting Actors
7
Sorting Actresses
8
12 Movies about Fictional 1960s Events
9
Multi-Oscar Nominations, One Movie, One Winner
10
Pick 5 Posters: Women Directed 2020s
Explore More
Trending Topics
NBA
Anime
Marvel
Disney
Harry Potter
Crossword
Kpop
WWE
Song
Pokémon
Puzzle
Soccer
Country
NFL
The Office
hide this ad
More By:
elvishfriend
Quiz
Plays
Rating
Category
Featured
Created
LOTR quotes
3,780
3.22
Movies
Oct 5, 2009
AFI's 100 years 100 Movies Directors
3,360
4.33
Movies
Oct 7, 2009
2001 Miami Hurricanes starting lineup
746
4.00
Sports
Oct 5, 2009
Top 100 Movies of the Complex Decade
294
2.33
Movies
Apr 4, 2012
Movie Composers
117
2.00
Movies
Oct 5, 2009
Go to Creator's Profile
Score Distribution
Quiz Creator Spotlight
elvishfriend
Follow
Send a Message
Quizzes Created
-
Created Quiz Play Count
-
More By This Creator
Popular Quizzes Today
1
Find the US States - No Outlines Minefield
2
Find the Countries of Europe - No Outlines Minefield
3
The Countries of the World
4
Find the US States
5
Popular People in 1961
6
US States
7
Risky Map Clicking: Biggest States A-Z
8
Movies - When Are They Set?
More Movies Quizzes
Actors First Name Movie Match II
Quiz Lab
Trending Quizzes
Risky Map Clicking: Least Populous States A-Z
1-10 Letter G Words
1-10 Letter F Words
Risky Map Clicking: Next State Alphabetically
Risky Map Clicking: Biggest States A-Z
Recently Updated
Leaping Animals
pecheneg
Reality TV Shows (A-Z)
bhenderson79
Rickey Henderson's Hall of Fame Teammates
pecheneg
Champions League XIs: Arsenal
pecheneg
Quick Pick: Celebrities in WWE's Hall of Fame
aduchscher
A-Z Keypad Blitz II
pecheneg
Multiple Oscar Actors
pecheneg
Mystery Phrase Blitz: Oscar 'Best Actors'
pecheneg
F. Scott Fitzgerald Novels
LTH
Pick 3 Villains
ddd62291
Trending Topics
Kpop
Crossword
NBA
Anime
Disney
Harry Potter
Marvel
Country
Soccer
Song
Puzzle
Pokémon
NFL
The Office
WWE
Your Account Isn't Verified!
In order to create a playlist on Sporcle, you need to verify the email address you used during registration. Go to your
Sporcle Settings
to finish the process.
Report this User
Report this user for behavior that violates our
Community Guidelines
.
Details:
Send Report
Go to the Sporcle.com Mobile Site →
Comments